Návrh a realizácia palubného počítača automobilu

Enregistré dans:
Détails bibliographiques
Auteur principal: Koščo, Peter (Auteur)
Autres auteurs: Nemlaha, Eduard (Directeur de thèse)
Format: Manuscrit Livre
Langue:slovaque
Publié: 2020
Sujets:
Accès en ligne:http://is.stuba.sk/zp/portal_zp.pl?podrobnosti=153308
Tags: Ajouter un tag
Pas de tags, Soyez le premier à ajouter un tag!

MARC

LEADER 00000ntm a22000003a 4500
001 stuzp78770
003 SK-STU
005 20200718211130.0
007 ta
008 150427s2015----xo-----f-mn---000-0-slo-d
040 |a STU  |b slo 
041 0 |a slo 
100 1 |a Koščo, Peter  |u 066000  |4 aut  |U MTF Materiálovotechnologická fakulta  |T MTF Ústav aplikovanej informatiky, automatizácie a mechatroniky  |X 73980  |U M6000  |Y 86  |7 73980 
242 0 1 |a Design and realization of car’s on-board computer  |y eng 
245 1 0 |a Návrh a realizácia palubného počítača automobilu 
260 |c 2020 
650 4 |a riadiaca jednotka automobilu  |2 slo 
650 4 |a OBD-II port  |2 slo 
650 4 |a Arduino  |2 slo 
650 4 |a car control unit  |2 eng 
650 4 |a OBD-II port  |2 eng 
650 4 |a arduino  |2 eng 
700 1 |a Nemlaha, Eduard  |u 066000  |k Z1  |4 ths  |U MTF Materiálovotechnologická fakulta  |T MTF Ústav aplikovanej informatiky, automatizácie a mechatroniky  |X 2759  |U M6000  |Y 86  |7 A000002759 
856 4 |u http://is.stuba.sk/zp/portal_zp.pl?podrobnosti=153308 
996 |c M* BP-8882  |l MMSKP  |s P  |a 0  |w stuzp78770_0001